Statistics for World Capitals Closest to Buenos Aires (with exceptions)

Click here to take the quiz!

General Stats

  • This quiz has been taken 38 times
  • The average score is 12 of 20

Answer Stats

kmcapitalmiles% Correct
5339Panama City3317
91%
7403Mexico City4600
85%
6449Guatemala City4007
79%
5649San José3510
79%
6613Belmopan4109
68%
6880Cape Town4275
68%
6999Dakar4349
68%
5975Managua3713
68%
6288San Salvador3907
68%
6216Tegucigalpa3862
62%
7331Windhoek4555
62%
6749Freetown4193
56%
6756Monrovia4198
56%
6936Banjul4310
53%
6866Bissau4266
50%
6820Conakry4238
50%
6632Praia4121
50%
7230Yamoussoukro4493
47%
7482Bamako4649
44%
7384Nouakchott4588
35%

Score Distribution

Percentile by Number Answered

Percent of People with Each Score

Your Score History

You have not taken this quiz